Primenenije makroekonomičeskich modelej v issledovanii problem ekonomiki zdorovja (health economics)

Možnosti využitia rôznych makroekonomických modelov na hodnotenie zdravotného stavu obyvateľstva a vplyv tohto faktora na ekonomické ukazovatele v Poľsku a v SR.

Salvato in:
Dettagli Bibliografici
Autore principale: Dubovina, N.
Altri autori: Neubauerová, Erika, 1968-, Sivec, A., Ornovskij, M.
Natura: Capitolo di libro
Lingua:russo
Soggetti:
Tags: Aggiungi Tag
Nessun Tag, puoi essere il primo ad aggiungerne!!

MARC

LEADER 00000naa$a2200000$$$4500
001 0165905
005 20240502083405.9
041 0 |a rus 
044 |a UA 
245 1 0 |a Primenenije makroekonomičeskich modelej v issledovanii problem ekonomiki zdorovja (health economics)  |c N. Dubovina, Erika Neubauerová, A. Sivec, M. Ornovskij 
520 |a Možnosti využitia rôznych makroekonomických modelov na hodnotenie zdravotného stavu obyvateľstva a vplyv tohto faktora na ekonomické ukazovatele v Poľsku a v SR. 
610 2 0 |a zdravie 
610 2 0 |a starostlivosť o zdravie 
610 2 0 |a modely makroekonomické 
610 2 0 |a Poľsko 
610 2 0 |a Slovensko 
100 1 |a Dubovina, N. 
700 1 |a Neubauerová, Erika, 1968- 
700 1 |a Sivec, A. 
700 1 |a Ornovskij, M.